| 000 | 00629nam a2200229 a 4500 | ||
|---|---|---|---|
| 001 | BRCA_3978 | ||
| 005 | 20190320204511.0 | ||
| 008 | 140110s1920----gw-a######---#000-0#ger-# | ||
| 041 | _ager | ||
| 044 | _agw | ||
| 050 | 4 |
_aTR600 _b.H83 1920 |
|
| 100 | 1 |
_aHübl, Arthur. _910340 |
|
| 245 | 1 | 0 |
_aDas Kopieren bei Elektrischem Licht _cvon Arthur Hübl. |
| 250 | _a2 | ||
| 260 |
_aHalle (Saale), Alemania _bWilhelm Knapp _c1920 |
||
| 300 |
_a51 p. _bil. _c22 cm. |
||
| 440 | 0 |
_aEnzyklopädie der Photographie _vHeft 59 _910341 |
|
| 500 | _aCDE55 | ||
| 650 | 1 | 4 |
_aFotografía _xIluminación _910342 |
| 902 | _aGFM | ||
| 942 |
_2lcc _cB |
||
| 999 |
_c3704 _d3704 |
||